ბათუმის შოთა რუსთაველის სახელმწიფო უნივერსიტეტის ბიბლიოთეკა

Редукторы. (ბიბ.ჩანაწერი № 41426)

000 -LEADER
fixed length control field 00657nam a2200229Ia 4500
001 - CONTROL NUMBER
control field 8088
003 - CONTROL NUMBER IDENTIFIER
control field GE_BSU
008 - FIXED-LENGTH DATA ELEMENTS--GENERAL INFORMATION
fixed length control field 181216s||||||||xx |||||||||||||| ||und||
040 ## - CATALOGING SOURCE
Transcribing agency GE_BSU
080 ## - UNIVERSAL DECIMAL CLASSIFICATION NUMBER
Universal Decimal Classification number 621.83(035)
100 ## - MAIN ENTRY--PERSONAL NAME
Personal name Краузе,Г.Н. Кутулин,Н.Д. Сыцко,С.А.
245 ## - TITLE STATEMENT
Title Редукторы.
245 ## - TITLE STATEMENT
Remainder of title Справочнае пособие.
250 ## - EDITION STATEMENT
Edition statement Изд. 2-е, перераб. и доп.
260 ## - PUBLICATION, DISTRIBUTION, ETC.
Place of publication, distribution, etc. Л.
260 ## - PUBLICATION, DISTRIBUTION, ETC.
Name of publisher, distributor, etc. Машиностроение.
260 ## - PUBLICATION, DISTRIBUTION, ETC.
Date of publication, distribution, etc. 1972.
300 ## - PHYSICAL DESCRIPTION
Extent 144 стр. 82 илл. 26см. 5 Библиогр.
300 ## - PHYSICAL DESCRIPTION
Accompanying material 206 табл.
653 ## - INDEX TERM--UNCONTROLLED
Uncontrolled term Редукторы.
942 ## - ADDED ENTRY ELEMENTS (KOHA)
Koha item type წიგნი
ეგზემპლარები
Withdrawn status Lost status Damaged status Not for loan Date acquired Barcode Date last seen Price effective from Koha item type
        2018-12-17 10350 2018-12-17 2018-12-17 წიგნი